[Event "FICGS class M 000126 email"]
[Site "FICGS email"]
[Date "2023.07.27"]
[Round "1"]
[White "Ozen, Bahadir"]
[Black "Gounant, Stanislas"]
[Result "1/2-1/2"]
[WhiteElo "2241"]
[BlackElo "2241"]
[PlyCount "29"]
[EventDate "2023.??.??"]
[EventType "tourn (corr)"]
[EventRounds "6"]
[SourceTitle "Corr 2024"]
[Source "ChessBase"]
[SourceDate "2023.10.19"]
[SourceVersion "1"]
[SourceVersionDate "2023.10.19"]
[SourceQuality "1"]

1. d4 g6 2. e4 d6 3. Nc3 Nf6 4. f4 Bg7 5. Nf3 c5 6. Bb5+ Bd7 7. e5 Ng4 8. e6 fxe6 9. Ng5 Bxb5 10. Nxe6 Bxd4 11. Nxd8 Bf2+ 12. Kd2 Be3+ 13. Ke1 Bf2+ 14. Kd2 Be3+ 15. Ke1 1/2-1/2

[Event "FICGS W-ch st1 g02 email"]
[Site "FICGS email"]
[Date "2023.07.04"]
[Round "1"]
[White "Phillips, Wendell"]
[Black "Gounant, Stanislas"]
[Result "0-1"]
[WhiteElo "1722"]
[BlackElo "2241"]
[PlyCount "30"]
[EventDate "2023.??.??"]
[EventType "tourn (corr)"]
[EventRounds "6"]
[SourceTitle "Corr 2024"]
[Source "ChessBase"]
[SourceDate "2023.10.19"]
[SourceVersion "1"]
[SourceVersionDate "2023.10.19"]
[SourceQuality "1"]

1. e4 c5 2. d3 Nc6 3. c3 d5 4. Nd2 Nf6 5. Be2 e5 6. h3 Bd6 7. Qc2 0-0 8. Nf1 b5 9. Ng3 h6 10. Nf3 Be6 11. Be3 Rc8 12. Qc1 Nd4 13. Bxh6 Nxe2 14. Kxe2 gxh6 15. Qxh6 Re8 0-1

[Event "FICGS class M 000122 email"]
[Site "FICGS email"]
[Date "2023.05.15"]
[Round "1"]
[White "Gounant, Stanislas"]
[Black "Duttagupta, Aniruddha"]
[Result "1/2-1/2"]
[WhiteElo "2249"]
[BlackElo "2254"]
[PlyCount "67"]
[EventDate "2023.??.??"]
[EventType "tourn (corr)"]
[EventRounds "6"]
[SourceTitle "Corr 2024"]
[Source "ChessBase"]
[SourceDate "2023.10.19"]
[SourceVersion "1"]
[SourceVersionDate "2023.10.19"]
[SourceQuality "1"]

1. e4 d6 2. d4 g6 3. Nc3 Bg7 4. Be3 a6 5. Nf3 b5 6. Bd3 Bb7 7. h4 Nf6 8. e5 dxe5 9. dxe5 Nd5 10. Qe2 Nc6 11. 0-0-0 Nxc3 12. bxc3 Qd5 13. Kb1 Qe6 14. Bf4 h6 15. Be4 Qg4 16. Qd3 Na5 17. h5 Bxe4 18. Qxe4 0-0 19. Nh2 Qf5 20. Qxf5 gxf5 21. g4 Nc4 22. gxf5 Bxe5 23. Bxe5 Nxe5 24. Rhe1 Nc6 25. Ng4 Rfd8 26. Nxh6+ Kg7 27. Ng4 Rd6 28. Rh1 Kh7 29. Ne3 Rad8 30. Rdg1 Ne5 31. Kc1 Rc6 32. Kb2 Rb8 33. Rg5 Kh6 34. f4 1/2-1/2

[Event "FICGS class M 000122 email"]
[Site "FICGS email"]
[Date "2023.05.15"]
[Round "1"]
[White "Gounant, Stanislas"]
[Black "Perevozchikov, Vjacheslav"]
[Result "1/2-1/2"]
[WhiteElo "2249"]
[BlackElo "2263"]
[PlyCount "79"]
[EventDate "2023.??.??"]
[EventType "tourn (corr)"]
[EventRounds "6"]
[SourceTitle "Corr 2024"]
[Source "ChessBase"]
[SourceDate "2023.10.19"]
[SourceVersion "1"]
[SourceVersionDate "2023.10.19"]
[SourceQuality "1"]

1. e4 e6 2. d3 d5 3. Nd2 c5 4. Ngf3 Nc6 5. g3 Nf6 6. Bg2 Be7 7. 0-0 0-0 8. Re1 b5 9. e5 Nd7 10. Nf1 a5 11. h4 a4 12. N1h2 a3 13. bxa3 Qc7 14. Ng4 Ra4 15. Bh3 Ba6 16. Rb1 Ra8 17. c3 h5 18. Ngh2 Ndxe5 19. Nxe5 Nxe5 20. Qxh5 Bd6 21. d4 cxd4 22. cxd4 Nd3 23. Rxe6 Bxg3 24. Nf3 Qc2 25. fxg3 Qf2+ 26. Kh1 Qxg3 27. Re2 Qxh3+ 28. Kg1 Rc4 29. Be3 Qg3+ 30. Rg2 Nf4 31. Bxf4 Qxf4 32. Qg5 Qxg5 33. hxg5 Ra4 34. g6 fxg6 35. Rb3 Rf8 36. Rxg6 Rf6 37. Rxf6 gxf6 38. Kf2 Kf7 39. Ke3 Bc8 40. Nd2 1/2-1/2

[Event "FICGS class M 000122 email"]
[Site "FICGS email"]
[Date "2023.05.15"]
[Round "1"]
[White "Swiatek, Janusz"]
[Black "Gounant, Stanislas"]
[Result "1/2-1/2"]
[WhiteElo "2209"]
[BlackElo "2249"]
[PlyCount "51"]
[EventDate "2023.??.??"]
[EventType "tourn (corr)"]
[EventRounds "6"]
[SourceTitle "Corr 2024"]
[Source "ChessBase"]
[SourceDate "2023.10.19"]
[SourceVersion "1"]
[SourceVersionDate "2023.10.19"]
[SourceQuality "1"]

1. d4 g6 2. e4 d6 3. Nc3 Nf6 4. Be3 Bg7 5. Qd2 c6 6. Nf3 0-0 7. Bh6 b5 8. a3 Qb6 9. h3 Nbd7 10. Bxg7 Kxg7 11. e5 dxe5 12. dxe5 Nd5 13. Nxd5 cxd5 14. Be2 Nc5 15. 0-0 Ne4 16. Qf4 b4 17. axb4 Qxb4 18. b3 a5 19. Rfd1 a4 20. Rxd5 axb3 21. Rxa8 b2 22. Rd1 b1Q 23. Rxb1 Qxb1+ 24. Kh2 Qxc2 25. Nd4 Qd2 26. Qxd2 1/2-1/2

[Event "FICGS class M 000121 email"]
[Site "FICGS email"]
[Date "2023.04.23"]
[Round "1"]
[White "Gounant, Stanislas"]
[Black "Laduke, Matt"]
[Result "1/2-1/2"]
[WhiteElo "2256"]
[BlackElo "2218"]
[PlyCount "85"]
[EventDate "2023.??.??"]
[EventType "tourn (corr)"]
[EventRounds "6"]
[SourceTitle "Corr 2024"]
[Source "ChessBase"]
[SourceDate "2023.10.19"]
[SourceVersion "1"]
[SourceVersionDate "2023.10.19"]
[SourceQuality "1"]

1. e4 e5 2. f4 exf4 3. Nf3 d6 4. d4 g5 5. h4 g4 6. Ng1 Qf6 7. Nc3 Ne7 8. Nge2 Bh6 9. Qd2 Nbc6 10. Nb5 Kd8 11. d5 a6 12. Nbc3 Ne5 13. Nxf4 g3 14. Qe3 N7g6 15. Nce2 Nxf4 16. Nxf4 Ng6 17. Nh5 Bxe3 18. Nxf6 Bd4 19. Nh5 Bf2+ 20. Kd1 f5 21. Bg5+ Ne7 22. exf5 Bxf5 23. a4 Kd7 24. Nf6+ Kc8 25. Ra3 h6 26. Bc1 Rf8 27. Nh5 Bg4+ 28. Be2 Bxe2+ 29. Kxe2 Nf5 30. Nf4 Re8+ 31. Kd1 Kd7 32. Rf3 Re5 33. Nd3 Rxd5 34. c4 Rd4 35. Rxf5 Rxd3+ 36. Kc2 Rd4 37. h5 Rxc4+ 38. Kb3 Re4 39. Bxh6 Bd4 40. Rg5 Be5 41. Bg7 Rg8 42. h6 Bxg7 43. Rxg7+ 1/2-1/2

[Event "FICGS class M 000120 email"]
[Site "FICGS email"]
[Date "2023.03.20"]
[Round "1"]
[White "Cirulis, Ilmars"]
[Black "Gounant, Stanislas"]
[Result "1/2-1/2"]
[WhiteElo "2248"]
[BlackElo "2256"]
[PlyCount "74"]
[EventDate "2023.??.??"]
[EventType "tourn (corr)"]
[EventRounds "6"]
[SourceTitle "Corr 2024"]
[Source "ChessBase"]
[SourceDate "2023.10.19"]
[SourceVersion "1"]
[SourceVersionDate "2023.10.19"]
[SourceQuality "1"]

1. Nf3 c5 2. g3 g6 3. Bg2 Bg7 4. c4 Nc6 5. Nc3 e6 6. d4 Nxd4 7. Nxd4 cxd4 8. Ne4 d5 9. Qa4+ Kf8 10. Qa3+ Qe7 11. Nd6 Be5 12. c5 h5 13. 0-0 h4 14. Re1 hxg3 15. hxg3 Bd7 16. e4 dxe3 17. Rxe3 Bxd6 18. cxd6 Qg5 19. Re4 Qd8 20. Re1 Nf6 21. Qb4 Bc6 22. Qd4 Rh5 23. Bf3 Rf5 24. Bd1 Qxd6 25. g4 e5 26. Qd3 e4 27. Qh3 Re5 28. Qh8+ Ng8 29. b4 g5 30. b5 Bd7 31. Ba3 Qxa3 32. Qxe5 Be6 33. Qxg5 Qc3 34. Bb3 Qf6 35. Qxf6 Nxf6 36. g5 Nh7 37. f4 exf3 1/2-1/2

[Event "FICGS class M 000120 email"]
[Site "FICGS email"]
[Date "2023.03.20"]
[Round "1"]
[White "Gounant, Stanislas"]
[Black "Broekhuizen, A T S"]
[Result "1/2-1/2"]
[WhiteElo "2256"]
[BlackElo "2233"]
[PlyCount "24"]
[EventDate "2023.??.??"]
[EventType "tourn (corr)"]
[EventRounds "6"]
[SourceTitle "Corr 2024"]
[Source "ChessBase"]
[SourceDate "2023.10.19"]
[SourceVersion "1"]
[SourceVersionDate "2023.10.19"]
[SourceQuality "1"]

1. e4 e6 2. d3 d5 3. Nd2 c5 4. Ngf3 Nc6 5. g3 Bd6 6. Bg2 Nge7 7. 0-0 0-0 8. Re1 b6 9. c3 a5 10. a4 Ba6 11. exd5 Nxd5 12. Nc4 Qd7 1/2-1/2

[Event "FICGS class M 000119 email"]
[Site "FICGS email"]
[Date "2023.03.04"]
[Round "1"]
[White "Duttagupta, Aniruddha"]
[Black "Gounant, Stanislas"]
[Result "1/2-1/2"]
[WhiteElo "2235"]
[BlackElo "2256"]
[PlyCount "64"]
[EventDate "2023.??.??"]
[EventType "tourn (corr)"]
[EventRounds "6"]
[SourceTitle "Corr 2024"]
[Source "ChessBase"]
[SourceDate "2023.10.19"]
[SourceVersion "1"]
[SourceVersionDate "2023.10.19"]
[SourceQuality "1"]

1. e4 c5 2. Nf3 Nc6 3. Bb5 Nf6 4. Nc3 Qc7 5. 0-0 Nd4 6. Re1 a6 7. Bf1 e5 8. Nd5 Nxd5 9. exd5 Nxf3+ 10. Qxf3 d6 11. b4 cxb4 12. d4 Be7 13. Bd2 a5 14. c3 0-0 15. Rac1 Qd8 16. dxe5 dxe5 17. Rxe5 Bd6 18. Re4 bxc3 19. Bxc3 Qg5 20. Rce1 Bf5 21. Rc4 h5 22. Bd3 Bd7 23. h4 Qh6 24. Be5 Rae8 25. Rce4 Bxe5 26. Rxe5 Rxe5 27. Rxe5 Re8 28. Qe4 Rxe5 29. Qxe5 Qc1+ 30. Kh2 g6 31. Qb8+ Qc8 32. Qxc8+ Bxc8 1/2-1/2

[Event "FICGS class M 000119 email"]
[Site "FICGS email"]
[Date "2023.03.04"]
[Round "1"]
[White "Laduke, Matt"]
[Black "Gounant, Stanislas"]
[Result "1/2-1/2"]
[WhiteElo "2218"]
[BlackElo "2256"]
[PlyCount "116"]
[EventDate "2023.??.??"]
[EventType "tourn (corr)"]
[EventRounds "6"]
[SourceTitle "Corr 2024"]
[Source "ChessBase"]
[SourceDate "2023.10.19"]
[SourceVersion "1"]
[SourceVersionDate "2023.10.19"]
[SourceQuality "1"]

1. e4 c5 2. Nf3 Nc6 3. Bb5 Nf6 4. e5 Nd5 5. Nc3 Nc7 6. Bxc6 dxc6 7. d3 Ne6 8. 0-0 g6 9. Re1 Bg7 10. Ne4 b6 11. Bd2 h6 12. h3 a5 13. a3 a4 14. Qc1 Ba6 15. Bf4 c4 16. d4 c5 17. Rd1 cxd4 18. Nxd4 Qc8 19. Nxe6 Qxe6 20. Re1 Rd8 21. f3 g5 22. Bg3 b5 23. Qe3 0-0 24. Nc3 f5 25. exf6 Qxe3+ 26. Rxe3 exf6 27. Rae1 Rd2 28. Re7 Rf7 29. R7e2 Rxe2 30. Rxe2 Kh7 31. Re8 Rd7 32. Re6 Bb7 33. Rb6 Bc8 34. Rxb5 Rd2 35. Rb8 Bf5 36. Rb4 Rxc2 37. Bf2 Bf8 38. Rb6 Bxa3 39. Nxa4 Rc1+ 40. Kh2 c3 41. bxc3 Rc2 42. Be3 Re2 43. Bd4 Bc1 44. Kg1 Bf4 45. g4 Bd3 46. Nc5 Re1+ 47. Kg2 Re2+ 48. Kf1 Rd2+ 49. Nxd3 Rxd3 50. h4 gxh4 51. Rxf6 h3 52. Rxf4 Rd1+ 53. Ke2 h2 54. Rf7+ Kg8 55. Rg7+ Kf8 56. Kxd1 h1Q+ 57. Ke2 Qg2+ 58. Kd3 Qxf3+ 1/2-1/2

[Event "FICGS unrated 00065 email"]
[Site "FICGS email"]
[Date "2023.02.26"]
[Round "1"]
[White "Collado, Julien"]
[Black "Gounant, Stanislas"]
[Result "0-1"]
[WhiteElo "1998"]
[BlackElo "2257"]
[PlyCount "32"]
[EventDate "2023.??.??"]
[EventType "swiss (corr)"]
[EventRounds "1"]
[SourceTitle "Corr 2024"]
[Source "ChessBase"]
[SourceDate "2023.10.19"]
[SourceVersion "1"]
[SourceVersionDate "2023.10.19"]
[SourceQuality "1"]

1. e4 e5 2. Nf3 f5 3. Nxe5 Nf6 4. Bc4 Qe7 5. d4 Nc6 6. 0-0 fxe4 7. Bf4 d5 8. Bb3 Be6 9. c4 dxc4 10. Ba4 Bd7 11. Nc3 0-0-0 12. Bxc6 Bxc6 13. Nxc6 bxc6 14. Rb1 Qb4 15. Be5 Be7 16. Qe2 Rhe8 0-1

[Event "FICGS class M 000117 email"]
[Site "FICGS email"]
[Date "2023.02.01"]
[Round "1"]
[White "Aahlad, Yeturu"]
[Black "Gounant, Stanislas"]
[Result "1/2-1/2"]
[WhiteElo "2247"]
[BlackElo "2257"]
[PlyCount "74"]
[EventDate "2023.??.??"]
[EventType "tourn (corr)"]
[EventRounds "6"]
[SourceTitle "Corr 2024"]
[Source "ChessBase"]
[SourceDate "2023.10.19"]
[SourceVersion "1"]
[SourceVersionDate "2023.10.19"]
[SourceQuality "1"]

1. e4 c5 2. Nf3 Nc6 3. Bb5 Nf6 4. Bxc6 dxc6 5. d3 g6 6. h3 Bg7 7. Nc3 Nd7 8. Be3 b6 9. Qd2 h6 10. Nh2 e5 11. 0-0 Nf8 12. f4 exf4 13. Bxf4 Ne6 14. Be3 c4 15. Qf2 0-0 16. dxc4 h5 17. Nf3 Ba6 18. Qe2 Qc7 19. Rf2 Rad8 20. Re1 Qd6 21. a3 Bxc3 22. bxc3 Qxa3 23. Bd4 Qe7 24. Be3 f6 25. e5 f5 26. Nd4 Qf7 27. Bh6 Rfe8 28. Qe3 Bxc4 29. g4 Kh7 30. Bg5 Rxd4 31. cxd4 a5 32. Kh2 b5 33. Rg1 Rg8 34. Bf6 f4 35. Qa3 a4 36. Qf3 Bd5 37. Qd3 Bc4 1/2-1/2

[Event "FICGS class M 000117 email"]
[Site "FICGS email"]
[Date "2023.02.01"]
[Round "1"]
[White "Gounant, Stanislas"]
[Black "Cirulis, Ilmars"]
[Result "1/2-1/2"]
[WhiteElo "2257"]
[BlackElo "2240"]
[PlyCount "83"]
[EventDate "2023.??.??"]
[EventType "tourn (corr)"]
[EventRounds "6"]
[SourceTitle "Corr 2024"]
[Source "ChessBase"]
[SourceDate "2023.10.19"]
[SourceVersion "1"]
[SourceVersionDate "2023.10.19"]
[SourceQuality "1"]

1. Nf3 d5 2. g3 h5 3. Bg2 h4 4. Nxh4 e5 5. c4 d4 6. d3 Nc6 7. Nf3 a5 8. a3 Be7 9. h4 Nf6 10. Nbd2 Qd6 11. Qc2 Bd7 12. Qb1 Rh5 13. b4 axb4 14. axb4 Rxa1 15. Qxa1 Qxb4 16. 0-0 Nd8 17. Qa2 b6 18. Qa7 Bd6 19. c5 Qxc5 20. Nc4 b5 21. Qxc5 Bxc5 22. Ncxe5 Be6 23. Bb2 Bb6 24. Re1 Ba5 25. Rc1 Bb6 26. Kf1 c5 27. Ng5 Bd5 28. Bh3 b4 29. e3 dxe3 30. fxe3 Nc6 31. Nef3 c4 32. g4 c3 33. Bxc3 bxc3 34. gxh5 Bxf3 35. Nxf3 Nd5 36. d4 Ncb4 37. Ne1 Nxe3+ 38. Ke2 Ned5 39. Bg2 Bxd4 40. Bxd5 Nxd5 41. Rd1 c2 42. Nxc2 1/2-1/2

[Event "FICGS class M 000117 email"]
[Site "FICGS email"]
[Date "2023.02.01"]
[Round "1"]
[White "Ozen, Bahadir"]
[Black "Gounant, Stanislas"]
[Result "1/2-1/2"]
[WhiteElo "2248"]
[BlackElo "2257"]
[PlyCount "39"]
[EventDate "2023.??.??"]
[EventType "tourn (corr)"]
[EventRounds "6"]
[SourceTitle "Corr 2024"]
[Source "ChessBase"]
[SourceDate "2023.10.19"]
[SourceVersion "1"]
[SourceVersionDate "2023.10.19"]
[SourceQuality "1"]

1. g3 c5 2. c4 g6 3. Bg2 Bg7 4. Nc3 Nc6 5. Nf3 e6 6. d4 Nxd4 7. Nxd4 cxd4 8. Ne4 d5 9. Qa4+ Kf8 10. Qa3+ Qe7 11. Nd6 Be5 12. c5 h5 13. 0-0 h4 14. h3 hxg3 15. fxg3 f5 16. e4 dxe3 17. Bxe3 Nf6 18. Bg5 Bd4+ 19. Kh1 Rh5 20. Bxf6 1/2-1/2

[Event "FICGS class M 000116 email"]
[Site "FICGS email"]
[Date "2023.01.22"]
[Round "1"]
[White "Bussoli, Marco"]
[Black "Gounant, Stanislas"]
[Result "1/2-1/2"]
[WhiteElo "2238"]
[BlackElo "2257"]
[PlyCount "86"]
[EventDate "2023.??.??"]
[EventType "tourn (corr)"]
[EventRounds "6"]
[SourceTitle "Corr 2024"]
[Source "ChessBase"]
[SourceDate "2023.10.19"]
[SourceVersion "1"]
[SourceVersionDate "2023.10.19"]
[SourceQuality "1"]

1. d4 Nf6 2. c4 e6 3. Nf3 d5 4. Nc3 Nbd7 5. cxd5 exd5 6. Bg5 c6 7. e3 h6 8. Bh4 g5 9. Bg3 Nh5 10. Bd3 Nxg3 11. hxg3 Nb6 12. Qc2 Bg7 13. Rc1 Be6 14. 0-0 Qc7 15. b4 a6 16. a4 a5 17. bxa5 Rxa5 18. Nd2 Nd7 19. Nb3 Ra8 20. Nb5 Qb8 21. Nc5 0-0 22. Nxe6 fxe6 23. Nc3 e5 24. Bf5 Nb6 25. Rfe1 Nc4 26. Bd3 exd4 27. exd4 Qd8 28. Bxc4 dxc4 29. Rcd1 Qd7 30. Re3 b5 31. d5 b4 32. dxc6 Qxc6 33. Nd5 b3 34. Ne7+ Kh8 35. Qb1 Qxa4 36. Ng6+ Kg8 37. Nxf8 Rxf8 38. Re7 Qa1 39. Qxa1 Bxa1 40. Rxa1 b2 41. Rb1 c3 42. Rb7 Ra8 43. R1xb2 cxb2 1/2-1/2

[Event "FICGS class M 000116 email"]
[Site "FICGS email"]
[Date "2023.01.22"]
[Round "1"]
[White "Cirulis, Ilmars"]
[Black "Gounant, Stanislas"]
[Result "1/2-1/2"]
[WhiteElo "2240"]
[BlackElo "2257"]
[PlyCount "27"]
[EventDate "2023.??.??"]
[EventType "tourn (corr)"]
[EventRounds "6"]
[SourceTitle "Corr 2024"]
[Source "ChessBase"]
[SourceDate "2023.10.19"]
[SourceVersion "1"]
[SourceVersionDate "2023.10.19"]
[SourceQuality "1"]

1. e4 c5 2. c3 e6 3. Nf3 d5 4. exd5 Qxd5 5. d4 Nc6 6. Be3 Nf6 7. Na3 cxd4 8. Nb5 Qd7 9. Nbxd4 Be7 10. Nxc6 Qxc6 11. Ne5 Qe4 12. Qd4 Qxd4 13. Bxd4 Nd5 14. 0-0-0 1/2-1/2

[Event "FICGS class M 000116 email"]
[Site "FICGS email"]
[Date "2023.01.22"]
[Round "1"]
[White "Gounant, Stanislas"]
[Black "Aahlad, Yeturu"]
[Result "1/2-1/2"]
[WhiteElo "2257"]
[BlackElo "2247"]
[PlyCount "59"]
[EventDate "2023.??.??"]
[EventType "tourn (corr)"]
[EventRounds "6"]
[SourceTitle "Corr 2024"]
[Source "ChessBase"]
[SourceDate "2023.10.19"]
[SourceVersion "1"]
[SourceVersionDate "2023.10.19"]
[SourceQuality "1"]

1. c4 e5 2. Nc3 Nf6 3. g3 Bb4 4. Bg2 0-0 5. e4 Bxc3 6. bxc3 c6 7. Ne2 d5 8. exd5 cxd5 9. cxd5 Nxd5 10. d4 exd4 11. Qxd4 Be6 12. 0-0 Nc6 13. Qc5 Re8 14. Nf4 Nxf4 15. Bxf4 Qe7 16. Qb5 a6 17. Qb6 Rad8 18. Rfe1 h6 19. h4 Rd7 20. Bxc6 bxc6 21. Qxc6 Qf6 22. Be5 Qf5 23. Bd4 Rde7 24. Re5 Qg4 25. Re4 Qh3 26. Rae1 Bd7 27. Qd5 Rxe4 28. Rxe4 Rxe4 29. Qxe4 Be6 30. Be5 1/2-1/2

[Event "FICGS class M 000116 email"]
[Site "FICGS email"]
[Date "2023.01.22"]
[Round "1"]
[White "Gounant, Stanislas"]
[Black "Swiatek, Janusz"]
[Result "1/2-1/2"]
[WhiteElo "2257"]
[BlackElo "2199"]
[PlyCount "38"]
[EventDate "2023.??.??"]
[EventType "tourn (corr)"]
[EventRounds "6"]
[SourceTitle "Corr 2024"]
[Source "ChessBase"]
[SourceDate "2023.10.19"]
[SourceVersion "1"]
[SourceVersionDate "2023.10.19"]
[SourceQuality "1"]

1. c4 e5 2. Nc3 Nf6 3. g3 Bb4 4. Bg2 0-0 5. e4 d6 6. Nge2 Bg4 7. h3 Bxe2 8. Nxe2 a5 9. 0-0 Nc6 10. d3 Re8 11. Rb1 Bc5 12. Be3 Qe7 13. Bd2 Nd4 14. Bc3 Nxe2+ 15. Qxe2 Bb4 16. f4 Rab8 17. a4 Ra8 18. Qd2 Bxc3 19. bxc3 b6 1/2-1/2

[Event "FICGS class M 000115 email"]
[Site "FICGS email"]
[Date "2022.12.26"]
[Round "1"]
[White "Duttagupta, Aniruddha"]
[Black "Gounant, Stanislas"]
[Result "1/2-1/2"]
[WhiteElo "2206"]
[BlackElo "2244"]
[PlyCount "82"]
[EventDate "2022.??.??"]
[EventType "tourn (corr)"]
[EventRounds "6"]
[SourceTitle "Corr 2024"]
[Source "ChessBase"]
[SourceDate "2023.10.19"]
[SourceVersion "1"]
[SourceVersionDate "2023.10.19"]
[SourceQuality "1"]

1. e4 c5 2. Nf3 d6 3. d4 cxd4 4. Nxd4 Nf6 5. Nc3 g6 6. Be3 Bg7 7. f3 0-0 8. Qd2 Nc6 9. 0-0-0 d5 10. exd5 Nxd5 11. Nxc6 bxc6 12. Bd4 e5 13. Bc5 Re8 14. Ne4 Be6 15. h4 h5 16. Bc4 Nf4 17. Bxe6 Nxe6 18. Qc3 Qb8 19. b3 Nxc5 20. Qxc5 Qb5 21. Qc3 Red8 22. g4 hxg4 23. fxg4 Rd4 24. Qf3 Qd5 25. Rde1 a5 26. a4 Rb8 27. Rhf1 Rb7 28. Re3 Qd8 29. c3 Rdd7 30. Nc5 Qe7 31. Nxd7 Qa3+ 32. Kd2 Qb2+ 33. Ke1 Rxd7 34. Re2 Qxb3 35. h5 Qc4 36. Kf2 Rd3 37. Qe4 Rxc3 38. hxg6 fxg6 39. Kg2 Qe6 40. Qd4 Qc4 41. Qe4 Qe6 1/2-1/2

[Event "FICGS class M 000115 email"]
[Site "FICGS email"]
[Date "2022.12.26"]
[Round "1"]
[White "Gounant, Stanislas"]
[Black "Ozen, Bahadir"]
[Result "1/2-1/2"]
[WhiteElo "2244"]
[BlackElo "2252"]
[PlyCount "54"]
[EventDate "2022.??.??"]
[EventType "tourn (corr)"]
[EventRounds "6"]
[SourceTitle "Corr 2024"]
[Source "ChessBase"]
[SourceDate "2023.10.19"]
[SourceVersion "1"]
[SourceVersionDate "2023.10.19"]
[SourceQuality "1"]

1. c4 e6 2. Nc3 d5 3. d4 c6 4. e4 dxe4 5. Nxe4 Bb4+ 6. Bd2 Qxd4 7. Bxb4 Qxe4+ 8. Ne2 Na6 9. Bf8 Ne7 10. Bxg7 Nb4 11. Qd6 Nd3+ 12. Kd2 Nf5 13. Qxd3 Qxd3+ 14. Kxd3 Nxg7 15. Kc3 b6 16. g4 Bb7 17. Bg2 0-0-0 18. Rad1 c5 19. Bxb7+ Kxb7 20. Nf4 h5 21. g5 Nf5 22. Rxd8 Rxd8 23. Nxh5 Rh8 24. Ng3 Rh3 25. Kd2 Nd4 26. f4 Kc6 27. Ke1 Kd6 1/2-1/2

[Event "FICGS unrated 00064 email"]
[Site "FICGS email"]
[Date "2022.12.21"]
[Round "1"]
[White "Gounant, Stanislas"]
[Black "Laduke, Matt"]
[Result "1/2-1/2"]
[WhiteElo "2244"]
[BlackElo "2251"]
[PlyCount "95"]
[EventDate "2022.??.??"]
[EventType "swiss (corr)"]
[EventRounds "1"]
[SourceTitle "Corr 2024"]
[Source "ChessBase"]
[SourceDate "2023.10.19"]
[SourceVersion "1"]
[SourceVersionDate "2023.10.19"]
[SourceQuality "1"]

1. d4 Nf6 2. g4 Nxg4 3. e4 d6 4. Be2 Nf6 5. Nc3 e5 6. Nf3 Nc6 7. h4 Be7 8. d5 Nb4 9. Rg1 g6 10. a3 Na6 11. Be3 Bg4 12. Nd2 Bh5 13. Bh6 Nb8 14. Bg7 Bxe2 15. Qxe2 Rg8 16. Bh6 Nbd7 17. Nc4 Nh5 18. Qxh5 gxh5 19. Rxg8+ Nf8 20. Ne3 Qd7 21. Nf5 0-0-0 22. Bxf8 Bxf8 23. Ke2 Be7 24. Rg7 Bf6 25. Rxh7 Bxh4 26. Rg1 Bf6 27. Rh6 Be7 28. Rxh5 Kb8 29. Kd1 Rf8 30. Kc1 a6 31. Rh2 Qe8 32. Rhg2 Ka7 33. Kb1 Rh8 34. b3 Bf6 35. f3 Rh5 36. Rg8 Qd7 37. Rf8 Rg5 38. Rd1 Rxf5 39. exf5 Qxf5 40. Rxf7 Qxf3 41. Rd3 Qf5 42. Kb2 e4 43. Rxf6 Qxf6 44. Re3 Qh8 45. Rxe4 c6 46. dxc6 bxc6 47. Re3 d5 48. Rd3 1/2-1/2

[Event "FICGS W-ch st1 g05 email"]
[Site "FICGS email"]
[Date "2022.11.02"]
[Round "1"]
[White "Gounant, Stanislas"]
[Black "Bonoldi, Fabio"]
[Result "1-0"]
[WhiteElo "2244"]
[BlackElo "1944"]
[PlyCount "77"]
[EventDate "2022.??.??"]
[EventType "tourn (corr)"]
[EventRounds "6"]
[SourceTitle "Corr 2024"]
[Source "ChessBase"]
[SourceDate "2023.10.19"]
[SourceVersion "1"]
[SourceVersionDate "2023.10.19"]
[SourceQuality "1"]

1. e4 g6 2. d4 Bg7 3. Nf3 d6 4. Bc4 a6 5. 0-0 b5 6. Bd3 Bb7 7. a4 b4 8. Re1 Nd7 9. a5 Ngf6 10. c3 bxc3 11. Nxc3 0-0 12. h3 c5 13. d5 Rb8 14. Qe2 Qc8 15. Bc4 h6 16. Bf4 Ne8 17. e5 Qd8 18. e6 Ndf6 19. Qd3 Bc8 20. exf7+ Kxf7 21. Na4 Bf5 22. Qe2 Kg8 23. Nh4 Nh5 24. Bd2 e5 25. dxe6 Qxh4 26. e7+ Rf7 27. Bxf7+ Kxf7 28. g4 Bd4 29. Qf3 Nhg7 30. gxf5 Nxf5 31. Bc3 Nf6 32. e8Q+ Nxe8 33. Bxd4 Qxd4 34. Qc6 Qh4 35. Qxa6 Qg5+ 36. Kf1 Kg8 37. Qc6 Neg7 38. Nc3 Rf8 39. Qg2 1-0

[Event "FICGS class M 000110 email"]
[Site "FICGS email"]
[Date "2022.10.14"]
[Round "1"]
[White "Armstrong, Keith"]
[Black "Gounant, Stanislas"]
[Result "1/2-1/2"]
[WhiteElo "2222"]
[BlackElo "2244"]
[PlyCount "143"]
[EventDate "2022.??.??"]
[EventType "tourn (corr)"]
[EventRounds "6"]
[SourceTitle "Corr 2024"]
[Source "ChessBase"]
[SourceDate "2023.10.19"]
[SourceVersion "1"]
[SourceVersionDate "2023.10.19"]
[SourceQuality "1"]

1. Nf3 d5 2. g3 Nf6 3. Bg2 c6 4. 0-0 Bg4 5. c4 e6 6. Qb3 Qb6 7. h3 Bxf3 8. Bxf3 Nbd7 9. d4 Be7 10. Rd1 0-0 11. Qc2 a5 12. e3 a4 13. Nc3 dxc4 14. Nxa4 Qa6 15. Nc3 Nd5 16. b3 cxb3 17. Qxb3 N7b6 18. Be2 Qa5 19. Bb2 Qb4 20. Qc2 Rfc8 21. a3 Qd6 22. Qb3 h6 23. Rdc1 Nxc3 24. Bxc3 Nd5 25. Bd2 b5 26. a4 bxa4 27. Rxa4 Rxa4 28. Qxa4 Qa3 29. Qa6 Qxa6 30. Bxa6 Rc7 31. Ba5 Ra7 32. Rxc6 Bf8 33. e4 Ne7 34. Rb6 Nc8 35. Bxc8 Rxa5 36. Bd7 g5 37. Rb7 Ra8 38. e5 Ba3 39. Kg2 Kf8 40. Kf3 h5 41. Ke4 Be7 42. Rb2 Kg7 43. Rb7 Kf8 44. d5 exd5+ 45. Kxd5 Ra5+ 46. Ke4 Ra2 47. f3 Re2+ 48. Kf5 Rc2 49. Rb8+ Kg7 50. Re8 Ba3 51. Kxg5 Rc3 52. Kxh5 Rxf3 53. Kg4 Re3 54. Bc6 Bb4 55. h4 Rc3 56. Bd5 Rd3 57. Rd8 Rd4+ 58. Kh5 Be7 59. Rd7 Kf8 60. Bc6 Rxd7 61. Bxd7 Kg7 62. g4 Bd8 63. g5 Bc7 64. e6 fxe6 65. Kg4 Bd8 66. Kf4 e5+ 67. Kxe5 Bc7+ 68. Kf5 Bg3 69. h5 Kh7 70. Kf6 Bh4 71. h6 Bxg5+ 72. Kxg5 1/2-1/2